000 00625nam a2200277Ia 4500
005 20260324150748.0
008 008 260324s9999 xx 000 0 eng d
020 _a9781003228660
037 _aEBOOK
040 _aCRL
040 _beng
040 _cCRL
041 _2eng
041 _aeng
084 _qCRL
100 _aJoseph Macleod
_91225969
245 4 _aThe New Soviet Theatre
260 _bTaylor and Francis
260 _c1943
365 _a
365 _b170
856 _uhttp://www.taylorfrancis.com/books/9781003228660
942 _cEBOOK
999 _c1837560
_d1837560